000 00852nas a2200265 4500
001 BR0703753
003 BR-BrBNA
005 20231205110936.0
007 ta
008 230509b bl.|||p| |||| 00| 00por d
040 _aBR-BrBNA
_bpor
_cBiblioteca Nacional de Agricultura
041 _a(Pt)
072 _aE80
100 1 _aDavanço, T.
100 1 _aTanada-Palmu, P.
100 1 _aGrosso, C.
245 1 _aFilmes compostos de gelatina, triacetina, ácido esteárico ou capróico: efeito do pH e da adição de surfactantes sobre a funcionalidade dos filmes
650 _aEMBALAGEM
650 _aBIOFILME
650 _aGELATINA
650 _aPH
773 0 _tCiência e Tecnologia de Alimentos (Brazil)
_xISSN 0101-2061
_g(Apr-Jun 2007), v. 27(2) p. 408-416
_wBR0703753
909 _a202311
_bLúcia
_c55
_dLúcia Elande
942 _2AGRIS
_n0
_cANA
999 _c189866
_d189866